Biopolyméry ako plnivá pre biodegradovateľné zmesi vhodné na spracovanie technológiou vstrekovania diplomová práca

Gespeichert in:
Bibliographische Detailangaben
1. Verfasser: Zuzáková, Petra
Format: Buch
Sprache:Slowakisch
Veröffentlicht: Bratislava STU FCHPT 2018
Online-Zugang:Im OPAC anzeigen
Tags: Tag hinzufügen
Keine Tags, Fügen Sie das erste Tag hinzu!

MARC

LEADER 00000nam a2200000 a 4500
005 20260127134238.0
008 180814 2018 xo a 001 0 slo d
035 |a vtls011772196 
039 9 |y 201808140916  |z mschk03 
040 |a STUSCHK1  |b slo  |c STUSCHK1  |e AACR2 
100 1 |a Zuzáková, Petra 
245 1 |a Biopolyméry ako plnivá pre biodegradovateľné zmesi vhodné na spracovanie technológiou vstrekovania  |b diplomová práca  |c Petra Zuzáková 
260 |a Bratislava  |b STU FCHPT  |c 2018 
300 |a 119 s.  |b il.  |c 25 cm 
500 |a Študijný program: prírodné a syntetické polyméry 
500 |a Študijný odbor: chemické technológie 
500 |a Školiace pracovisko: Oddelenie plastov, kučuku a vlákien 
500 |a Evid. číslo: FCHPT-13576-42937 
910 |a SCHK95 
999 |c 7704  |d 7704